Logo BPK

Biblioteka

Politechniki Koszalińskiej

Stabilitatstheorie im Bauwesen / (Rekord nr 29568)

Szczegóły MARC
000 -ETYKIETA REKORDU
podpole kontrolne o stałej długości 00503nam a2200193 i 4500
001 - NUMER KONTROLNY REKORDU
pole kontrolne bg
020 ## - MIĘDZYNARODOWY ZNORMALIZOWANY NUMER KSIĄŻKI - ISBN
ISBN 3433011664
040 ## - ŹRÓDŁO KATALOGOWANIA
Instytucja, która utworzyła rekord BPK
041 ## - KOD JĘZYKA
Kod języka tekstu pol
080 ## - UNIWERSALNA KLASYFIKACJA DZIESIĘTNA - UKD
UKD 624.01/.07:539.3/.6
920 ## - Międzynarodowy znormalizowany numer książki – ISBN
ISBN 3-433-01166-4
008 - POLE O STAŁEJ DŁUGOŚCI - DANE KONTROLNE
podpole kontrolne o stałej długości s pl f |000 0 pol
100 1# - NAZWA OSOBOWA
Nazwa osobowa STEUP, Herbert
245 10 - TYTUŁ/ODPOWIEDZIALNOŚĆ
Tytuł Stabilitatstheorie im Bauwesen /
Pozostałe elementy strefy tytułu i oznaczenia odpowiedzialności Herbert Steup.
260 ## - STREFA ADRESU WYDAWNICZEGO
Miejsce wydania Berlin :
Nazwa wydawcy/dystrybutora Ernst & Sohn,
Data publikacji, dystrybucji/powstania dokumentu 1990.
650 #9 - HASŁO PRZEDMIOTOWE W FORMIE NAZWY OGÓLNEJ LUB JEDNOSTKOWEJ
Nazwa ogólna lub geograficzna Budownictwo
Określnik ogólny mechanika
-- teoria
650 #9 - HASŁO PRZEDMIOTOWE W FORMIE NAZWY OGÓLNEJ LUB JEDNOSTKOWEJ
Nazwa ogólna lub geograficzna Stateczność
Określnik ogólny teoria
856 ## - LOKALIZACJA I DOSTĘP DO ELEKTRONICZNYCH DOKUMENTÓW ZDALNYCH
Link (URL) http://koha.tu.koszalin.pl/cgi-bin/koha/opac-detail.pl?biblionumber=29568
Tekst linku Katalog online BPK
942 ## - DODATKOWE ELEMENTY (KOHA)
Typ dokumentu Książka
Egzemplarze
Wycofany Status egzemplarza Uszkodzony Dostępność Lokalizacja stała Lokalizacja bieżąca Miejsce przechowywania Sygnatura Kod kreskowy Typ dokumentu
      Dostępny Biblioteka Politechniki Koszalińskiej Biblioteka Politechniki Koszalińskiej Wypożyczalnia BG 35784 01262773 Książka
© 2023 Biblioteka Politechniki Koszalińskiej :: KOHA